000 01196nam a22002777a 4500
003 dpl
005 20180906133737.0
008 180906b xxu||||| |||| 00| 0 eng d
010 _aA-830470
020 _c175.00
_a8171451047
035 _aA-830470, B-056260
037 _bCen Lib/Ret
040 _aDPL
_bHN
_c0
082 _a
_bकर्फ्यू
245 _aकर्फ्यू :
_cसम्पादक राबिन शा पुष्प
_bबिहार की उर्दू कहानियां /
246 _aKarfyu : bihar ki urdu kahaniyan
_bsampadak Rabin Sha Pushp
260 _a दिल्ली
_bसन्मार्ग प्रकाशन
_c1997
270 _aयु. वी.बंगलो रोड जवाहर नगर
_b दिल्ली
_e110007
300 _a244पृष्ठ.
_c20सेमी(सजिल्द)
650 _aहिंदी साहित्य
_965277
650 _aहिंदी कहानी
_965278
650 _aHindi literature
_965279
650 _aHindi story
_943117
700 _aपुष्प , राबिन शा
_945482
942 _2ddc
_cHN
_h
_mकर्फ्यू
999 _c116193
_d116193